ARRUPE JESUIT UNIVERSITY

CORONAVIRUS -STOP THE SPREAD - CLEAN,DISINFECT,COVER

The command of grace : (Record no. 128097)

MARC details
000 -LEADER
fixed length control field 01518cam a2200337 a 4500
001 - CONTROL NUMBER
control field 15685658
003 - CONTROL NUMBER IDENTIFIER
control field ARRUPE
005 - DATE AND TIME OF LATEST TRANSACTION
control field 20180904124232.0
008 - FIXED-LENGTH DATA ELEMENTS--GENERAL INFORMATION
fixed length control field 090403s2009 enk 001 0 eng
010 ## - LIBRARY OF CONGRESS CONTROL NUMBER
LC control number 2009275123
015 ## - NATIONAL BIBLIOGRAPHY NUMBER
National bibliography number GBA873198
Source bnb
016 7# - NATIONAL BIBLIOGRAPHIC AGENCY CONTROL NUMBER
Record control number 014633240
Source Uk
020 ## - INTERNATIONAL STANDARD BOOK NUMBER
International Standard Book Number 0567033589 (hbk.)
020 ## - INTERNATIONAL STANDARD BOOK NUMBER
International Standard Book Number 9780567033581 (hbk.)
020 ## - INTERNATIONAL STANDARD BOOK NUMBER
International Standard Book Number 0567033597 (pbk.)
020 ## - INTERNATIONAL STANDARD BOOK NUMBER
International Standard Book Number 9780567033598 (pbk.)
035 ## - SYSTEM CONTROL NUMBER
System control number (OCoLC)ocn212847423
040 ## - CATALOGING SOURCE
Original cataloging agency UKM
Transcribing agency UKM
Modifying agency BTCTA
-- BAKER
-- YDXCP
-- BWKUK
-- BWX
-- LNT
-- DLC
042 ## - AUTHENTICATION CODE
Authentication code lccopycat
050 00 - LIBRARY OF CONGRESS CALL NUMBER
Classification number BT701.3
Item number .J36 2009
082 04 - DEWEY DECIMAL CLASSIFICATION NUMBER
Classification number 233.5
Edition number 22
300 ## - PHYSICAL DESCRIPTION
Dimensions 24 cm.
100 1# - MAIN ENTRY--PERSONAL NAME
Personal name Janz, Paul D.
9 (RLIN) 41976
245 14 - TITLE STATEMENT
Title The command of grace :
Remainder of title a new theological apologetics /
Statement of responsibility, etc by Paul D. Janz.
260 ## - PUBLICATION, DISTRIBUTION, ETC. (IMPRINT)
Place of publication, distribution, etc London ;
-- New York :
Name of publisher, distributor, etc T & T Clark,
Date of publication, distribution, etc c2009.
300 ## - PHYSICAL DESCRIPTION
Extent x, 190 p. ;
504 ## - BIBLIOGRAPHY, ETC. NOTE
Bibliography, etc Includes bibliographical references and index.
505 0# - FORMATTED CONTENTS NOTE
Formatted contents note Theological apologetics and the reality of God -- Causality and conceptual mono-vision -- Tauto-theology -- God and the poverty of alterity -- Appetition, motion and reason -- Rational integrity, finitude and sin -- Reason, law and revelation -- Christ, reality and history -- The command of grace.
650 #0 - SUBJECT ADDED ENTRY--TOPICAL TERM
Topical term or geographic name as entry element Theological anthropology
General subdivision Christianity.
9 (RLIN) 41977
650 #0 - SUBJECT ADDED ENTRY--TOPICAL TERM
Topical term or geographic name as entry element Revelation.
9 (RLIN) 9159
906 ## - LOCAL DATA ELEMENT F, LDF (RLIN)
a 7
b cbc
c copycat
d 2
e ncip
f 20
g y-gencatlg
942 ## - ADDED ENTRY ELEMENTS (KOHA)
Source of classification or shelving scheme Library of Congress Classification
Koha item type Monograph ( Printed materials)
Holdings
Withdrawn status Lost status Source of classification or shelving scheme Damaged status Not for loan Collection code Home library Current library Shelving location Date acquired Total Checkouts Full call number Barcode Date last seen Price effective from Koha item type
    Library of Congress Classification     Main Collection ARRUPE LIBRARY ARRUPE LIBRARY Main Collection 04/09/2018   BT701.3 .J36 2009 46600001563 04/09/2018 04/09/2018 Monograph ( Printed materials)

 

Arrupe Library. PO Box MP320 Mt Pleasant, Harare, Zimbabwe
263 242 745411|librarian@aju.ac.zw